00830nam a22002417a 450000500170000001000130001702000100003003500130004003700160005304000120006908200150008110000280009624500640012426000460018827000490023430000250028350000510030865000320035965000320039194200240042399900190044795201220046620170124110009.0 aA-820893 c00.00 aA-820893 bCen Lib/Ret aDPLbEN a332.1bGHO aGhotgalkar, R.k.917357 aService conditions of bank employees /cby R.K. Ghotgalkar  bHimalaya Publishing House aBombay c1976 bBombay aDr. bhaleroa marg, girgaon e400004 axxv, 287p.c21cm(Hb) aIncludes bibliographical references and index  aPersonel management 917358 aEmployees conditons 917359 2ddccENh332.1mGHO c126370d126370 00104070aLbLd2015-06-25eCen Lib/Retg0.00l0o332.1 GHOpA-820893r2015-06-25 00:00:00t1v0.00w2015-06-25yEN